| 000 | 00448nam a22001337a 4500 | ||
|---|---|---|---|
| 999 |
_c20100 _d20100 |
||
| 008 | 240408b ||||| |||| 00| 0 eng d | ||
| 082 |
_aDFil 371.3 _bSa4 1982 |
||
| 100 |
_aSamano, Angelita Venus. _956394 |
||
| 245 |
_aHandbook on classroom observation / _cAngelita Venus Samano. |
||
| 260 |
_aManila : _bRex Book Store, _c©1982. |
||
| 300 |
_avii, 50 pages : _billustrations ; _c22 cm. |
||
| 650 |
_aClassroom management. _956409 |
||
| 942 |
_2ddc _cDFIL |
||